000 00517nam a2200181Ia 4500
005 20250508163545.0
008 008 250505s9999 xx 000 0 hin d
037 _aTextual
040 _aFEDL
_beng
_cFEDL
041 _ahin
_2eng
084 _a510, NCE
_qFEDL
245 0 _aGanit: Madhyamik kakshaon ke liye, Bhag 1(Kaksha 6th ki patthyapustak)
245 0 _cNCERT (Delhi India)
260 _aDelhi, India
_bNCERT
_c1988
300 _a274p
942 _cTEXL
_h510, NCE
999 _c1384061
_d1384061